| 000 | 00550nam a22001457a 4500 | ||
|---|---|---|---|
| 005 | 20250227065643.0 | ||
| 008 | 250227b |||||||| |||| 00| 0 eng d | ||
| 040 |
_aKMU _cKMU _dKMU |
||
| 100 | _aMonta, Keith | ||
| 245 |
_aInvestigatinng the Factors Preventing the Adoption of Improved Fallows and Alley Cropping as Agro-Forestry Practices in Muchinga Province: A Case Study of Chinsali District./ _cKeith Monta |
||
| 260 |
_aChinsali: _bKapasa Makasa University, _c2020. |
||
| 300 |
_aiv, 18p.: _bill; _c30 cm. |
||
| 650 | _aAgro-Forestry | ||
| 942 |
_cPR _n0 |
||
| 999 |
_c1654 _d1654 |
||